000 00588cam a22001932a 4500
001 023268
003 AR-FADEU
008 311216n1962####xxu####################dd
092 _a303.385
_bA416-5
_eBDT
100 _aAllport, Gordon W.
245 _aLa naturaleza del prejuicio
260 _aBuenos Aires
260 _bEUDEBA
260 _c1962
300 _a575 p
440 _aTemas de eudeba, sociologĂ­a
650 _aRELIGION-PREJUICIO; DEMAGOGIA; PREJUICIO; DISCRIMINACION RACIAL; DISCRIMINACION-DIFERENCIA; AGRESION; ODIO; CULPA; DISCRIMINACION ETNICA/BDT/
942 _cBDT
999 _c28958
_d28958